Taxation in Kenya : (Record no. 2593)
[ view plain ]
| 000 -LEADER | |
|---|---|
| fixed length control field | 00358nam a22001217a 4500 |
| 050 ## - LIBRARY OF CONGRESS CALL NUMBER | |
| Classification number | HJ3043 |
| Item number | .S56 2008 |
| 100 ## - MAIN ENTRY--PERSONAL NAME | |
| Personal name | Simiyu, Nicholas T. T. |
| 245 ## - TITLE STATEMENT | |
| Title | Taxation in Kenya: |
| Remainder of title | (Principles aned answersd practice) including CPA and KATC questions and suggest |
| Statement of responsibility, etc. | Nicholas T. T. Simiyu |
| 250 ## - EDITION STATEMENT | |
| Edition statement | 6th ed. |
| 300 ## - PHYSICAL DESCRIPTION | |
| Field link and sequence number | P. 373 |
| 650 ## - SUBJECT ADDED ENTRY--TOPICAL TERM | |
| Topical term following geographic name as entry element | Taxation |
| 942 ## - ADDED ENTRY ELEMENTS (KOHA) | |
| Koha item type | General circulation |
| Withdrawn status | Lost status | Source of classification or shelving scheme | Damaged status | Not for loan | Home library | Current library | Date acquired | Cost, normal purchase price | Total Checkouts | Total Renewals | Full call number | Barcode | Date last seen | Date last checked out | Cost, replacement price | Koha item type | Public note | Shelving location | Price effective from | Source of acquisition |
|---|---|---|---|---|---|---|---|---|---|---|---|---|---|---|---|---|---|---|---|---|
| Library of Congress Classification | Kitui Town Campus Library | Kitui Town Campus Library | 14/04/2015 | 980.00 | 3 | HJ 3043 .S56 2008 | 2024/028655 | 06/12/2018 | 09/11/2018 | 1300.00 | General circulation | dm | General Stacks | Purchase | ||||||
| Library of Congress Classification | Kitui Town Campus Library | Kitui Town Campus Library | 10/06/2016 | 980.00 | 2 | HJ 3043 .S56 2008 | 2024/028642 | 08/12/2021 | 23/11/2021 | 1300.00 | General circulation | General Stacks | 10/06/2016 | Purchase | ||||||
| Library of Congress Classification | Main Campus Library | Main Campus Library | 01/09/2014 | 980.00 | 20 | 3 | HJ3043 .S56 2008 | 2019/021815 | 06/02/2019 | 29/01/2019 | 1300.00 | General circulation | BONNIE | |||||||
| Library of Congress Classification | Wote Campus Library | Wote Campus Library | 19/03/2015 | 980.00 | 1 | HJ3043 .S56 2008 | 2024/027693 | 16/01/2018 | 06/11/2017 | 1300.00 | General circulation | General Stacks | 19/03/2015 |